Bioinformatics and computational biology solutions using R and Bioconductor /
Guardado en:
| Otros Autores: | |
|---|---|
| Formato: | Libro |
| Idioma: | English |
| Publicado: |
New York :
Springer Science+Business Media,
c2005.
|
| Series: | Statistics for biology and health
|
| Materias: | |
| Acceso en línea: | Publisher description Table of contents only |
| Etiquetas: |
Agregar Etiqueta
Sin Etiquetas, Sea el primero en etiquetar este registro!
|
| LEADER | 01257cam a22002897a 4500 | ||
|---|---|---|---|
| 001 | MAT.inmabb006848 | ||
| 008 | 050309s2005####nyua#####b####001#0#eng#d | ||
| 005 | 20150623190944.0 | ||
| 245 | 0 | 0 | |a Bioinformatics and computational biology solutions using R and Bioconductor / |c editors, Robert Gentleman ... [et al.]. |
| 260 | |a New York : |b Springer Science+Business Media, |c c2005. | ||
| 300 | |a xix, 473 p. : |b il. (algunas col.) ; |c 24 cm. | ||
| 440 | 0 | |a Statistics for biology and health | |
| 504 | |a Incluye referencias bibliográficas (p. [445]-463) e índice. | ||
| 510 | 4 | |a MR, |c 2007c:92011 | |
| 020 | |a 0387251464 (alk. paper) | ||
| 020 | |a 9780387251462 (alk. paper) | ||
| 700 | 1 | |a Gentleman, Robert, |d 1959- |4 edt | |
| 650 | 0 | |a Bioinformatics. | |
| 630 | 0 | 0 | |a Bioconductor (Computer file) |
| 650 | 0 | |a R (Computer program language) | |
| 084 | |a 92B15 (62H30 68T05 92-06 92-08) |2 msc2000 | ||
| 010 | |a 2005923843 | ||
| 016 | 7 | |a 013250497 |2 Uk | |
| 040 | |a UKM |c UKM |d BAKER |d BGU |d IXA |d OHX |d OCLCQ |d DAY |d NDD |d DLC | ||
| 856 | 4 | 2 | |3 Publisher description |u http://www.loc.gov/catdir/enhancements/fy0662/2005923843-d.html |
| 856 | 4 | 1 | |3 Table of contents only |u http://www.loc.gov/catdir/enhancements/fy0818/2005923843-t.html |
| 859 | |h 92 |i B615 |p A-8912 |b BIB. MATEMATICA | ||
